intergrated aquaculture fish with pig and fish with duck (ការចិញ្ចឹមត្រីការហែរូមផ្សំជាមួយការចិញ្ចឹមជ្រូក និង ទា) (Record no. 3910)
[ view plain ]
| 000 -LEADER | |
|---|---|
| fixed length control field | 00578nam a22001577a 4500 |
| 003 - CONTROL NUMBER IDENTIFIER | |
| control field | OSt |
| 005 - DATE AND TIME OF LATEST TRANSACTION | |
| control field | 20151203101611.0 |
| 008 - FIXED-LENGTH DATA ELEMENTS--GENERAL INFORMATION | |
| fixed length control field | 151203b xxu||||| |||| 00| 0 eng d |
| 040 ## - CATALOGING SOURCE | |
| Transcribing agency | RUA |
| 082 ## - DEWEY DECIMAL CLASSIFICATION NUMBER | |
| Classification number | FIS KEO 2004 B176 Or.1 |
| 100 ## - MAIN ENTRY--PERSONAL NAME | |
| 9 (RLIN) | 4195 |
| Personal name | KEO, SOMNANG. |
| 245 ## - TITLE STATEMENT | |
| Title | intergrated aquaculture fish with pig and fish with duck (ការចិញ្ចឹមត្រីការហែរូមផ្សំជាមួយការចិញ្ចឹមជ្រូក និង ទា) |
| 260 ## - PUBLICATION, DISTRIBUTION, ETC. (IMPRINT) | |
| Place of publication, distribution, etc. | Phnom Penh |
| Name of publisher, distributor, etc. | RUA |
| Date of publication, distribution, etc. | 2004 |
| 300 ## - PHYSICAL DESCRIPTION | |
| Extent | iv, 36p. |
| Other physical details | ill. |
| Dimensions | 29cm. |
| 942 ## - ADDED ENTRY ELEMENTS (KOHA) | |
| Source of classification or shelving scheme | |
| Koha item type | FIS |
| Price effective from | Date last seen | Permanent Location | Not for loan | Date acquired | Source of classification or shelving scheme | Koha item type | Lost status | Withdrawn status | Date last checked out | Total Checkouts | Shelving location | Damaged status | Barcode | Current Location | Full call number |
|---|---|---|---|---|---|---|---|---|---|---|---|---|---|---|---|
| 2015-12-03 | 2017-01-17 | Library Block B | 2015-12-03 | FIS | 2016-12-13 | 1 | B176 | RUA026816 | Library Block B | FIS KEO 2004 B176 Or.1 | |||||
| 2015-12-03 | 2015-12-03 | Library Block B | 2015-12-03 | FIS | B176 | RUA026672 | Library Block B | FIS KEO 2004 B176 Or.2 | |||||||
| 2015-12-03 | 2015-12-03 | Library Block B | 2015-12-03 | FIS | B176 | RUA026605 | Library Block B | FIS KEO 2004 B176 Or.3 | |||||||
| 2015-12-03 | 2015-12-03 | Library Block B | 2015-12-03 | FIS | B176 | RUA011462 | Library Block B | FIS KEO 2004 B176 Or.4 | |||||||
| 2015-12-03 | 2015-12-03 | Library Block B | 2015-12-03 | FIS | B176 | RUA011744 | Library Block B | FIS KEO 2004 B176 Or.5 |